Normal view
MARC view
- Missionaries, Medical
Entry Topical Term
001 - CONTROL NUMBER
- control field: 50498
003 - CONTROL NUMBER IDENTIFIER
- control field: NUST
005 - DATE AND TIME OF LATEST TRANSACTION
- control field: 20210314134645.0
008 - FIXED-LENGTH DATA ELEMENTS
- fixed length control field: 210314|| aca||aabn | a|a d
040 ## - CATALOGING SOURCE
- Original cataloging agency: NUST
- Transcribing agency: NUST
150 ## - HEADING--TOPICAL TERM
- Topical term or geographic name entry element: Missionaries, Medical
- Geographic subdivision: Gabon
- Geographic subdivision: Lambaréné (Moyen-Ogooué)
670 ## - SOURCE DATA FOUND
- Source citation: Work cat.: (NUST): Schweitzer, Albert, 50497, Out of my life and thought :, c1990.
